Top 15 NBA Leaders in Scoring - Statistics

General Stats
  • This quiz has been taken 31 times
  • The average score is 13 of 15
Answer Stats
# Team+Pos Answer % Correct
1. Heat - SF LeBron James
100%
9. Rockets - SG James Harden
96%
2. Bucks - C Kareem Abdul-Jabbar
96%
5. Thunder - SF Kevin Durant
96%
7. Mavericks - PF Dirk Nowitzki
93%
4. Lakers - SG Kobe Bryant
93%
6. Bulls - SG Michael Jordan
93%
8. Warriors - C Wilt Chamberlain
93%
15. Rockets - C Hakeem Olajuwon
89%
3. Jazz - PF Karl Malone
89%
14. Thunder - PG Russell Westbrook
89%
10. Lakers - C Shaquille O'Neal
89%
11. Nuggets - SF Carmelo Anthony
82%
12. 76ers - C Moses Malone
82%
13. Wizards/Bullets - PF Elvin Hayes
57%
No matching quizzes found
Score Distribution
Percent of People with Each Score
Percentile by Number Answered
Your Score History
You have not taken this quiz